| 000 | 01041nam a2200265 i 4500 | ||
|---|---|---|---|
| 001 | 44187 | ||
| 003 | ES-MaACL | ||
| 005 | 20250709063213.0 | ||
| 007 | t| | ||
| 008 | 030320e1956 sp ||||1| spa d | ||
| 080 | _a75 Haes, Carlos de | ||
| 100 | 1 |
_aCid Priego, Carlos. _eaut _938772 |
|
| 245 | 1 | 0 |
_aAportaciones para una monografía del pintor Carlos de Haes / _cpor Carlos Cid Priego. |
| 260 |
_aLérida : _bDiputación Provincial, _c1956 |
||
| 300 |
_a113 páginas, XI láminas ; _c23 cm. |
||
| 500 | _aPrecede al tít.: Instituto de Estudios Ilerdenses | ||
| 500 | _aPublicación editada con motivo de la exposición "Carlos de Haes" presentada en el Ateneo de Madrid en el mes de enero | ||
| 600 | 1 | 4 |
_aHaes, Carlos de, _d1826-1898 _961430 |
| 710 | 2 |
_aInstituto de Estudios Ilerdenses. _eisb _94911 |
|
| 710 | 1 |
_bDiputación Provincial _aLérida (Provincia). _eedt _95498 |
|
| 852 |
_aES-MaACL _cSPAL _jC-10206 _bR.38690 |
||
| 942 |
_2udc _cMONOGRAFIA _n0 |
||
| 999 |
_c44187 _d44187 |
||